LEADER 00892nam0 2200289 450 001 000022614 005 20090205113117.0 010 $a2080810561 100 $a20090205d1968----km-y0itay50------ba 101 0 $afre 102 $aFR 105 $ay-------001yy 200 1 $a<>science et l' hypothèse$fHenri Poincaré$gpréface de Jules Vuillemin 210 $aParis$cFlammarion$dc1968 215 $a252 p.$d18 cm 225 2 $aChamps 410 0$12001$aChamps 500 10$a<>science et l' hypothèse$945501 610 1 $aFilosofia della scienza 676 $a501$v21$9Scienze naturali e matematica. Filosofia e teoria 700 1$aPoincaré,$bHenri$0416664 702 1$aVuillemin,$bJules 801 0$aIT$bUNIPARTHENOPE$c200900205$gRICA$2UNIMARC 912 $a000022614 951 $aS 501/2$bS A, 162$cDSA$d2009 996 $aScience et l' hypothèse$945501 997 $aUNIPARTHENOPE LEADER 01054nam0 2200277 450 001 000005714 005 20050210134138.0 010 $a88-7075-574-6 100 $a20050210d2001----km-y0itay50------ba 101 0 $aita 102 $aIT 200 1 $aGuida agli esami per bibliotecari e assistenti di biblioteca$eelementi di paleografia, storia del libro, biblioteconomia e bibliografia generale$etest e quesiti a risposta breve$fPaola Ferro, Anna Rita Zanobi 210 $aMilano$cEditrice Bibliografica$d2001 215 $a215 p.$d20 cm 225 2 $aConcorsi per bibliotecari$v4 410 0$12001$aConcorsi per bibliotecari$v4 610 1 $aBiblioteconomia$aManuali per concorsi 610 1 $aBibliografia$aManuali per concorsi 676 $a020.7 700 1$aFerro,$bPaola$08970 701 1$aZanobi,$bAnnarita$04885 801 0$aIT$b20050210$cUNIPARTHENOPE$gRICA$2UNIMARC 912 $a000005714 951 $cNAVA1$a020-G/1$b37397$d20050210 996 $aGuida agli esami per bibliotecari e assistenti di biblioteca$9357627 997 $aUNIPARTHENOPE LEADER 00870nam 2200337 450 001 9910155837203321 010 $a2-8062-8739-1 035 $a(CKB)3710000000977093 035 $a(MiAaPQ)EBC4771081 035 $a(EXLCZ)993710000000977093 100 $a20170113h20162016 uy 0 101 0 $aspa 135 $aurcnu|||||||| 181 $2rdacontent 182 $2rdamedia 183 $2rdacarrier 200 10$aHoracio /$fde Pierre Corneille 210 1$a[Cork, Ireland] :$cResumenExpress.com,$d2016. 210 4$d©2016 215 $a1 online resource (21 pages) 225 1 $aGui?a de lectura 410 0$aGui?a de lectura. 676 $a842.4 700 $aCorneille$b Pierre$0131516 801 0$bMiAaPQ 801 1$bMiAaPQ 801 2$bMiAaPQ 906 $aBOOK 912 $a9910155837203321 996 $aHoracio$92998397 997 $aUNINA